Statistics for Only NFL Team to . . .

Click here to take the quiz!

General Stats

  • This quiz has been taken 90 times
  • The average score is 14 of 32

Answer Stats

Only team to . . .Answer% Correct
. . . be named for something that lives in the water.Miami Dolphins
79%
. . . lose a Super Bowl after taking a 25-point lead.Atlanta Falcons
68%
. . . appear in the playoffs 29 times but never win a Super Bowl.Minnesota Vikings
68%
. . . play in 10 Super Bowls.New England Patriots
66%
. . . be in continuous existence since Super Bowl I but never play in one.Detroit Lions
62%
. . . be a founding member of the NFL and still play in the same state.Chicago Bears
56%
. . . not exist in the 20th century.Houston Texans
55%
. . . go winless in a 14-game season.Tampa Bay Buccaneers
55%
. . . have a perfect record in Super Bowls, but not have played in one in 50 years.New York Jets
53%
. . . spend their entire existence in the mountain time zone.Denver Broncos
52%
. . . have a logo with a human face facing forward.Oakland Raiders
49%
. . . not have been to the playoffs in the past 15 years.Cleveland Browns
45%
. . . play in a West division but be located further east than a team in an East division.Kansas City Chiefs
45%
. . . be based in 3 different time zones.Los Angeles Rams
45%
. . . win 5 Super Bowls in a span of less than 15 years.San Francisco 49ers
45%
. . . play in an East division but be located further west than a team in a West division.Dallas Cowboys
42%
. . . have temporarily merged with two different NFL teams.Pittsburgh Steelers
42%
. . . play in a South division but be located further north than a team in a North division.Indianapolis Colts
41%
. . . play continuously in the same stadium for over 60 years.Green Bay Packers
40%
. . . play 6 regular season games outside North America.Jacksonville Jaguars
40%
. . . play in a stadium that has hosted 7 Super Bowls.New Orleans Saints
40%
. . . have a 50-year gap between championships (Super Bowls or NFL championships).Philadelphia Eagles
37%
. . . win 2 Super Bowls and lose 0.Baltimore Ravens
36%
. . . move back to a city where they had previously played after being gone for more than 50 years.Los Angeles Chargers
36%
. . . win 3 Super Bowls, but none in the past 25 years.Washington Redskins
34%
. . . not have won a playoff game in the past 27 years.Cincinnati Bengals
30%
. . . play in the 19th century.Arizona Cardinals
22%
. . . share a stadium with 3 different MLB teams despite never moving.New York Giants
22%
. . . play 7 regular season games outside the U.S.Buffalo Bills
21%
. . . have a full name (including place) that can be written with only 6 different letters.Tennessee Titans
21%
. . . have a losing record in Super Bowls despite a positive point differential.Seattle Seahawks
19%
. . . have a place name named for an English monarch.Carolina Panthers
16%

Score Distribution

Percentile by Number Answered

Percent of People with Each Score

Your Score History

You have not taken this quiz